000 00845nas a2200277 4500
001 BR2012000647
003 BR-BrBNA
005 20231205120049.0
007 ta
008 230509b bl.|||p| |||| 00| 00por d
040 _aBR-BrBNA
_bpor
_cBiblioteca Nacional de Agricultura
041 _a(Pt)
072 _aU40
100 1 _aSugawara, L.M.
100 1 _aRudorf, B.F.T.
100 1 _aAdami, M.
245 1 _aViabilidade de uso de imagens do Landsat em mapeamento de área cultivada com soja no estado do Paraná
650 _aSOJA
650 _aGLYCINE MAX
650 _aSENSORIAMENTO REMOTO
650 _aNUVEM
650 _aPARANÁ
773 0 _tPesquisa Agropecuária Brasileira (Brazil)
_xISSN 0100-204X
_g(Dec 2008), v. 43(12) p. 1777-1783
_wBR2012000647
909 _a202311
_bLúcia
_c55
_dLúcia Elande
942 _2AGRIS
_n0
_cANA
999 _c216902
_d216902